Click the Countries of Europe (Upside Down) Quiz Stats

 Plays Quiz Updated Feb 13, 2019

     
Support Sporcle.
Go Orange.
Score 0/47 Timer 08:00
0 Plays Today
% Correct
Russia
91.2%
Italy
91%
United Kingdom
91%
France
90.7%
Spain
90.6%
Portugal
90.2%
Ireland
90.2%
Germany
90%
Iceland
89.9%
Greece
89.2%
Turkey
88.3%
Sweden
88%
Denmark
86.7%
Poland
86.6%
Ukraine
86.5%
Norway
86.4%
Netherlands
85%
Finland
84.9%
Belgium
84.8%
Cyprus
83.5%
Switzerland
82.4%
Austria
80.4%
Estonia
80.3%
Luxembourg
80.1%
% Correct
Monaco
80%
Belarus
79.5%
Croatia
78.9%
Romania
78.3%
Malta
77.9%
Latvia
77.9%
Andorra
77.6%
Lithuania
77.3%
Vatican City
77.1%
Czechia
76.8%
Liechtenstein
74.7%
Bosnia and Herzegovina
74.3%
Slovakia
73.9%
Albania
73.2%
Moldova
72.8%
Bulgaria
72.6%
Hungary
72.5%
Slovenia
72.1%
Kosovo
71.8%
North Macedonia
71.6%
Montenegro
69.9%
Serbia
69.2%
San Marino
67%

From the Vault

MLB Photo Minefield: Shortstops

by bhenderson79

Sports 2m
Shortstop is a way more exciting phrase than longgo.
Remove Ads.
Support Sporcle.
Get the best of Sporcle when you Go Orange. This ad-free experience offers more features, more stats, and more fun while also helping to support Sporcle. Thank you for becoming a member.

Show Comments

Extras

Top Quizzes Today


Score Distribution

Your Account Isn't Verified!

In order to create a playlist on Sporcle, you need to verify the email address you used during registration. Go to your Sporcle Settings to finish the process.

Report this User

Report this user for behavior that violates our Community Guidelines.

Details: